MARC

LEADER 00000nam0a2200000 4500
001 272327
005 20231101234525.0
035 |a (RuTPU)RU\TPU\book\295533 
090 |a 272327 
100 |a 20141016d1986 k y0rusy50 ca 
101 0 |a rus 
102 |a RU 
105 |a a z 001zy 
200 1 |a Способы повышения коррозийной стойкости бетона и железобетона  |e сборник научных трудов  |f Научно-исследовательский институт бетона и железобетона ; под ред. С. Н. Алексеева 
210 |a Москва  |c Изд-во НИИЖБ  |d 1986 
215 |a 131 с.  |c ил. 
320 |a Библиогр. в конце ст. 
606 1 |a Химическая технология, общая  |2 stltpush  |3 (RuTPU)RU\TPU\subj\30833  |9 53864 
610 1 |a бетон 
610 1 |a железобетон 
610 1 |a коррозионная стойкость 
610 1 |a способы 
610 1 |a повышение 
610 1 |a готовые изделия 
610 1 |a экономическая эффективность 
675 |a 665.972.5  |v 3 
702 1 |a Алексеев  |b С. Н.  |4 340 
712 0 2 |a Научно-исследовательский институт бетона и железобетона  |2 stltpush  |3 (RuTPU)RU\TPU\col\20214  |9 27702 
801 1 |a RU  |b 63413507  |c 20141016 
801 2 |a RU  |b 63413507  |c 20150625  |g RCR 
942 |c BK